Southville International School and Colleges
Your cart is empty.
  • Cart
  • Lists
    Public lists Eva Luna New books Lux_list list_1
    Your lists Log in to create your own lists
  • Log in to your account
  • Your cookies
  • Search history
Southville International School and Colleges
  • Advanced search
  • Recent comments
  • Most popular
  • Libraries

Log in to your account

Log in with GOOGLE


If you do not have an external account, but do have a local account, you can still log in:

  1. Home
  2. MARC view: The Prentice Hall dictionary of culinary arts /
Normal view MARC view ISBD view

The Prentice Hall dictionary of culinary arts / (Record no. 305481)

[ view plain ]
MARC details
000 -LEADER
fixed length control field 00901nam a2200277Ia 4500
008 - FIXED-LENGTH DATA ELEMENTS--GENERAL INFORMATION
fixed length control field 170203s9999 xx 000 0 und d
020 ## - INTERNATIONAL STANDARD BOOK NUMBER
International Standard Book Number 9789810697068
050 ## - LIBRARY OF CONGRESS CALL NUMBER
Classification number 641.5
050 ## - LIBRARY OF CONGRESS CALL NUMBER
Item number .L116p 2008
100 ## - MAIN ENTRY--PERSONAL NAME
Personal name Labensky, Steven R.
245 #4 - TITLE STATEMENT
Title The Prentice Hall dictionary of culinary arts /
245 ## - TITLE STATEMENT
Statement of responsibility, etc Steven Labensky, Gaye G. Ingram, Sarah R. Labensky ; illustrations by William E Ingram.
250 ## - EDITION STATEMENT
Edition statement 2nd edition., low price edition.
260 ## - PUBLICATION, DISTRIBUTION, ETC. (IMPRINT)
Place of publication, distribution, etc Singapore :
260 ## - PUBLICATION, DISTRIBUTION, ETC. (IMPRINT)
Name of publisher, distributor, etc Pearson Education South Asia,
260 ## - PUBLICATION, DISTRIBUTION, ETC. (IMPRINT)
Date of publication, distribution, etc c2008.
300 ## - PHYSICAL DESCRIPTION
Extent v, 522 pages :
300 ## - PHYSICAL DESCRIPTION
Other physical details illustrations ;
300 ## - PHYSICAL DESCRIPTION
Dimensions 25 cm.
500 ## - GENERAL NOTE
General note Reprint. Originally published: Upper Saddle River, N.J. : Prentice Hall, 2006.
650 ## - SUBJECT ADDED ENTRY--TOPICAL TERM
Topical term or geographic name as entry element Cookery --
650 ## - SUBJECT ADDED ENTRY--TOPICAL TERM
Topical term or geographic name as entry element Food --
650 ## - SUBJECT ADDED ENTRY--TOPICAL TERM
General subdivision Dictionaries.
650 ## - SUBJECT ADDED ENTRY--TOPICAL TERM
General subdivision Dictionaries.
700 ## - ADDED ENTRY--PERSONAL NAME
Personal name American dictionary of culinary term. Title.
Holdings
Withdrawn status Lost status Damaged status Home library Current library Shelving location Date acquired Total Checkouts Full call number Barcode Date last seen Price effective from Koha item type
      Stonyhurst Southville International School (Batangas) Stonyhurst Southville International School (Batangas)   02/03/2017   641.5 .L116p 2008 US-1852 02/03/2017 02/03/2017 Books

The Prentice Hall dictionary of culinary arts /

APA

Labensky S. R., American dictionary of culinary term. Title, .The Prentice Hall dictionary of culinary arts. Singapore: .

Chicago

Labensky Steven R, American dictionary of culinary term. Title, .The Prentice Hall dictionary of culinary arts. Singapore: .

Harvard

Labensky S. R., American dictionary of culinary term. Title, .The Prentice Hall dictionary of culinary arts. Singapore: .

MLA

Labensky Steven R, American dictionary of culinary term. Title, .Singapore: . .

  • Place hold
  • Print
  • Cite
  • Add to your cart (remove)
  • Save record
    BIBTEX Dublin Core MARCXML MARC (non-Unicode/MARC-8) MARC (Unicode/UTF-8) MARC (Unicode/UTF-8, Standard) MODS (XML) RIS
  • More searches
    Search for this title in:
    Other Libraries (WorldCat) Other Databases (Google Scholar) Online Stores (Bookfinder.com) Open Library (openlibrary.org)

Exporting to Dublin Core...

SOUTHVILLE LIBRARY

Southville International School and Colleges Library

1281 Tropical Ave. Cor. Luxembourg St., BF Homes International, Las Pinas City

Tel. No. 8256374 / 252358 Loc. 117/146

Powered by Koha